000 00247nam a2200085Ia 4500
008 120527s9999 xx 000 0 und d
100 _aGOLDSTEIN,Morris.et al
245 _aInternational capital market develop,prospects and policy issues
942 _cBK
999 _c25376
_d25376